[Event "VII Sunway Sitges Open 2020"]
[Site "Sitges"]
[Date "2020.12.16"]
[Round "4.19"]
[White "Niemann, Hans Moke"]
[Black "Souhardo Basak"]
[Result "1-0"]
[WhiteElo "2472"]
[BlackElo "2216"]
[Annotator "ChessBase"]
[PlyCount "108"]
[EventDate "2020.12.13"]
[EventType "swiss"]
[EventCountry "ESP"]
[SourceTitle "playchess.com"]
[Source "ChessBase"]
[SourceQuality "1"]
[TimeControl "40/5400+30:1800+30"]

1. d4 Nf6 {[%emt 0:00:00]} 2. c4 {[%emt 0:00:00]} e6 3. Nc3 {[%emt 0:00:00]} Bb4 {[%emt 0:00:00]} 4. e3 {[%emt 0:00:00]} O-O 5. Bd3 {[%emt 0:00:14]} d5 {[%emt 0:01:33]} 6. Nf3 {[%emt 0:00:25]} c5 {[%emt 0:00:59]} 7. cxd5 {[%emt 0:00:07]} exd5 {[%emt 0:05:36]} 8. dxc5 {[%emt 0:00:10]} Nbd7 {[%emt 0:03:55]} 9. Bd2 {[%emt 0:00:06]} Nxc5 10. Be2 {[%emt 0:00:17]} Ba5 {[%emt 0:07:43]} 11. O-O Nce4 {[%emt 0:01:42]} 12. Nxe4 {[%emt 0:01:58]} dxe4 {[%emt 0:00:14]} 13. Nd4 {[%emt 0:00:00]} Bxd2 {[%emt 0:19:03]} 14. Qxd2 {[%emt 0:07:05]} Qb6 {[%emt 0:10:33]} 15. a3 {[%emt 0:00:43]} Rd8 {[%emt 0:07:25]} 16. Qb4 {[%emt 0:00:21]} Nd5 {[%emt 0:00:02]} 17. Qxb6 {[%emt 0:01:35]} Nxb6 18. Rfc1 {[%emt 0:00:27]} Bd7 {[%emt 0:06:06]} 19. Rc7 {[%emt 0:01:54]} Rab8 {[%emt 0:03:04]} 20. Rac1 {[%emt 0:01:52]} Rbc8 {[%emt 0:03:40]} 21. h3 {[%emt 0:02:13]} a6 22. R1c2 {[%emt 0:00:49]} Rb8 {[%emt 0:09:05]} 23. Bg4 {[%emt 0:00:03]} Bxg4 {[%emt 0:01:15]} 24. hxg4 {[%emt 0:05:34]} Nd5 {[%emt 0:01:04]} 25. R7c5 {[%emt 0:14:00]} g6 26. Kh2 {[%emt 0:00:10]} h6 {[%emt 0:01:45]} 27. Kg3 {[%emt 0:06:46]} Rd7 {[%emt 0:01:47]} 28. R5c4 {[%emt 0:01:02]} Kg7 29. Nb3 {[%emt 0:01:21]} Nf6 {[%emt 0:03:31]} 30. Rc7 {[%emt 0:00:30]} Rbd8 {[%emt 0:01:07]} 31. Rxd7 {[%emt 0:00:03]} Rxd7 {[%emt 0:00:01]} 32. Nc5 {[%emt 0:00:00]} Re7 {[%emt 0:02:38]} 33. b4 {[%emt 0:00:00]} Ne8 {[%emt 0:02:35]} 34. Rd2 {[%emt 0:00:15]} Kf6 {[%emt 0:01:05]} 35. Rd4 {[%emt 0:02:41]} Nc7 {[%emt 0:00:58]} 36. a4 {[%emt 0:01:28]} Ne6 37. Nd7+ {[%emt 0:00:16]} Kg5 {[%emt 0:01:55]} 38. Rd5+ {[%emt 0:00:30]} f5 {[%emt 0:00:01]} 39. f4+ {[%emt 0:01:21]} exf3 {[%emt 0:00:02]} 40. gxf3 {[%emt 0:00:00]} h5 {[%emt 0:00:00]} 41. f4+ {[%emt 0:03:10]} Kh6 {[%emt 0:00:16]} 42. g5+ {[%emt 0:00:00]} Kg7 {[%emt 0:00:28]} 43. Rd6 {[%emt 0:08:53]} Nf8 {[%emt 0:01:08]} 44. Nxf8 {[%emt 0:00:30]} Kxf8 {[%emt 0:00:30]} 45. Rxg6 {[%emt 0:00:00]} Rxe3+ {[%emt 0:00:00]} 46. Kh4 Re4 47. Rf6+ {[%emt 0:00:21]} Kg7 {[%emt 0:00:33]} 48. Rxf5 {[%emt 0:00:03]} Rxb4 {[%emt 0:00:02]} 49. Kxh5 {[%emt 0:00:00]} Rxa4 {[%emt 0:01:28]} 50. g6 {[%emt 0:00:00]} Rb4 {[%emt 0:03:52]} 51. Rf7+ {[%emt 0:00:11]} Kg8 {[%emt 0:00:00]} 52. f5 {[%emt 0:00:00]} Rb5 {[%emt 0:02:11]} 53. Kh6 a5 54. f6 {[%emt 0:00:27]} Rb1 {[%emt 0:03:11]} 1-0

[Event "VII Sunway Sitges Open 2020"]
[Site "Sitges"]
[Date "2020.12.16"]
[Round "4.20"]
[White "Sochacki, Christophe"]
[Black "Hernando Rodrigo, Julio Antonio"]
[Result "1-0"]
[WhiteElo "2469"]
[BlackElo "2275"]
[Annotator "ChessBase"]
[PlyCount "49"]
[EventDate "2020.12.13"]
[EventType "swiss"]
[EventCountry "ESP"]
[SourceTitle "playchess.com"]
[Source "ChessBase"]
[SourceQuality "1"]
[TimeControl "40/5400+30:1800+30"]

1. d4 {[%emt 0:00:00]} Nf6 {[%emt 0:02:50]} 2. Bg5 {[%emt 0:00:00]} d5 {[%emt 0:02:56]} 3. e3 {[%emt 0:00:00]} c5 {[%emt 0:02:33]} 4. Nf3 {[%emt 0:00:29]} Nc6 {[%emt 0:00:43]} 5. c3 {[%emt 0:02:16]} Bf5 {[%emt 0:00:51]} 6. Nbd2 {[%emt 0:05:23]} e6 {[%emt 0:00:30]} 7. Nh4 {[%emt 0:02:21]} Bg6 {[%emt 0:16:26]} 8. Qb3 {[%emt 0:05:55]} Qb6 {[%emt 0:13:21]} 9. Nxg6 {[%emt 0:04:24]} hxg6 {[%emt 0:00:07]} 10. Bf4 {[%emt 0:13:03]} c4 {[%emt 0:07:51]} 11. Qc2 {[%emt 0:01:25]} Nh5 {[%emt 0:02:18]} 12. Be2 {[%emt 0:19:18]} Nxf4 {[%emt 0:00:47]} 13. exf4 {[%emt 0:00:02]} Bd6 {[%emt 0:07:39]} 14. g3 {[%emt 0:00:02]} Qc7 {[%emt 0:02:33]} 15. Nf3 {[%emt 0:06:03]} O-O-O {[%emt 0:05:43]} 16. h4 {[%emt 0:08:41]} Kb8 {[%emt 0:00:20]} 17. Kf1 {[%emt 0:00:29]} f6 {[%emt 0:03:22]} 18. Qxg6 {[%emt 0:03:07]} Rh6 {[%emt 0:06:08]} 19. Qg4 {[%emt 0:01:05]} Qf7 {[%emt 0:03:02]} 20. Rd1 {[%emt 0:05:13]} b5 {[%emt 0:02:13]} 21. Kg2 {[%emt 0:01:03]} Rg6 {[%emt 0:01:04]} 22. Qh3 {[%emt 0:00:02]} Rh8 {[%emt 0:00:26]} 23. f5 {[%emt 0:00:44]} exf5 {[%emt 0:00:29]} 24. Qxf5 {[%emt 0:00:03]} Rh5 {[%emt 0:03:37]} 25. Ne5 {[%emt 0:03:43]} 1-0

[Event "VII Sunway Sitges Open 2020"]
[Site "Sitges"]
[Date "2020.12.16"]
[Round "4.21"]
[White "Ayats Llobera, Gerard"]
[Black "Exposito Amaro, Josue"]
[Result "1-0"]
[WhiteElo "2400"]
[BlackElo "2334"]
[Annotator "ChessBase"]
[PlyCount "41"]
[EventDate "2020.12.13"]
[EventType "swiss"]
[EventCountry "ESP"]
[SourceTitle "playchess.com"]
[Source "ChessBase"]
[SourceQuality "1"]
[TimeControl "40/5400+30:1800+30"]

1. e4 {[%emt 0:06:46]} e5 {[%emt 0:00:00]} 2. Nf3 {[%emt 0:00:04]} Nf6 {[%emt 0:00:00]} 3. Nxe5 {[%emt 0:00:40]} d6 {[%emt 0:00:16]} 4. Nf3 {[%emt 0:00:00]} Nxe4 {[%emt 0:00:24]} 5. Nc3 {[%emt 0:00:35]} Nf6 {[%emt 0:00:25]} 6. d4 Be7 7. Bd3 {[%emt 0:15:18]} h6 {[%emt 0:00:37]} 8. h3 {[%emt 0:02:19]} b6 9. Be3 {[%emt 0:03:29]} Bb7 {[%emt 0:08:04]} 10. Qe2 {[%emt 0:01:25]} Nc6 {[%emt 0:09:34]} 11. a3 a6 {[%emt 0:07:55]} 12. Nh4 {[%emt 0:03:03]} g6 {[%emt 0:03:33]} 13. O-O {[%emt 0:02:59]} d5 {[%emt 0:04:46]} 14. Rfe1 {[%emt 0:05:40]} Ne4 {[%emt 0:03:35]} 15. Nxe4 dxe4 {[%emt 0:23:07]} 16. Bxe4 {[%emt 0:01:58]} Qd6 {[%emt 0:07:09]} 17. Bf4 {[%emt 0:06:15]} Qd7 18. Nf3 {[%emt 0:02:35]} g5 {[%emt 0:17:51]} 19. Bxc6 {[%emt 0:05:57]} Bxc6 {[%emt 0:00:22]} 20. Ne5 Qe6 {[%emt 0:01:31]} 21. Nxc6 {[%emt 0:00:44]} 1-0

[Event "VII Sunway Sitges Open 2020"]
[Site "Sitges"]
[Date "2020.12.16"]
[Round "4.22"]
[White "Jimenez Ruano, Adrian"]
[Black "Valenzuela Gomez, Fernando"]
[Result "1-0"]
[WhiteElo "2279"]
[BlackElo "2390"]
[Annotator "ChessBase"]
[PlyCount "81"]
[EventDate "2020.12.13"]
[EventType "swiss"]
[EventCountry "ESP"]
[SourceTitle "playchess.com"]
[Source "ChessBase"]
[SourceQuality "1"]
[TimeControl "40/5400+30:1800+30"]

1. d4 Nf6 {[%emt 0:10:03]} 2. c4 {[%emt 0:00:00]} e6 {[%emt 0:00:03]} 3. Nc3 {[%emt 0:00:00]} Bb4 {[%emt 0:00:05]} 4. Qc2 {[%emt 0:00:00]} d5 {[%emt 0:00:10]} 5. cxd5 {[%emt 0:00:00]} exd5 {[%emt 0:00:06]} 6. Bg5 {[%emt 0:00:02]} h6 {[%emt 0:00:24]} 7. Bh4 {[%emt 0:00:14]} O-O 8. e3 {[%emt 0:03:20]} Be6 {[%emt 0:00:19]} 9. Nf3 {[%emt 0:02:29]} Bd6 {[%emt 0:00:52]} 10. Bd3 {[%emt 0:07:58]} Nbd7 {[%emt 0:01:47]} 11. O-O {[%emt 0:06:56]} c6 {[%emt 0:03:09]} 12. Rab1 Qc7 {[%emt 0:01:54]} 13. Rfc1 {[%emt 0:14:25]} Rfc8 14. Bf5 {[%emt 0:01:44]} Bxf5 {[%emt 0:06:31]} 15. Qxf5 {[%emt 0:03:02]} a6 16. b4 g6 {[%emt 0:14:01]} 17. Qd3 {[%emt 0:04:04]} g5 {[%emt 0:09:16]} 18. Bg3 {[%emt 0:00:11]} Bxg3 {[%emt 0:00:10]} 19. hxg3 {[%emt 0:00:06]} Qd6 {[%emt 0:00:08]} 20. a4 {[%emt 0:13:17]} Kg7 {[%emt 0:15:21]} 21. Nd2 {[%emt 0:09:14]} Re8 22. b5 {[%emt 0:00:11]} axb5 {[%emt 0:07:48]} 23. axb5 c5 24. dxc5 {[%emt 0:02:13]} Nxc5 {[%emt 0:00:44]} 25. Qd4 {[%emt 0:01:36]} Ne6 26. Nde4 Qd8 {[%emt 0:09:19]} 27. Qxf6+ {[%emt 0:03:41]} Qxf6 {[%emt 0:00:05]} 28. Nxf6 {[%emt 0:00:21]} Kxf6 {[%emt 0:00:14]} 29. Nxd5+ Kg6 30. Nc7 {[%emt 0:18:18]} Nxc7 {[%emt 0:05:12]} 31. Rxc7 {[%emt 0:00:05]} Red8 32. Rxb7 {[%emt 0:03:04]} Ra2 {[%emt 0:03:11]} 33. b6 {[%emt 0:04:06]} Re2 {[%emt 0:02:50]} 34. g4 f6 {[%emt 0:06:41]} 35. Ra7 {[%emt 0:02:29]} Red2 {[%emt 0:01:57]} 36. b7 {[%emt 0:01:34]} Rd1+ {[%emt 0:00:18]} 37. Rxd1 {[%emt 0:00:09]} Rxd1+ {[%emt 0:00:09]} 38. Kh2 {[%emt 0:00:01]} Rb1 {[%emt 0:00:15]} 39. Kg3 h5 {[%emt 0:01:25]} 40. gxh5+ {[%emt 0:00:00]} Kxh5 {[%emt 0:00:00]} 41. Kf3 {[%emt 0:04:58]} 1-0

[Event "VII Sunway Sitges Open 2020"]
[Site "Sitges"]
[Date "2020.12.16"]
[Round "4.23"]
[White "Degardin, Sylvain"]
[Black "Garcia Ramos, Daniel"]
[Result "0-1"]
[WhiteElo "2209"]
[BlackElo "2380"]
[Annotator "ChessBase"]
[PlyCount "64"]
[EventDate "2020.12.13"]
[EventType "swiss"]
[EventCountry "ESP"]
[SourceTitle "playchess.com"]
[Source "ChessBase"]
[SourceQuality "1"]
[TimeControl "40/5400+30:1800+30"]

1. e4 {[%emt 0:11:01]} e5 {[%emt 0:00:00]} 2. Nf3 {[%emt 0:00:22]} Nc6 {[%emt 0:00:00]} 3. Bb5 {[%emt 0:00:19]} a6 {[%emt 0:00:08]} 4. Ba4 {[%emt 0:00:28]} d6 {[%emt 0:00:27]} 5. c3 {[%emt 0:00:51]} Bd7 {[%emt 0:00:31]} 6. d4 {[%emt 0:00:45]} g6 {[%emt 0:00:48]} 7. O-O {[%emt 0:01:41]} Bg7 {[%emt 0:00:31]} 8. Bg5 {[%emt 0:02:34]} f6 {[%emt 0:01:11]} 9. Be3 {[%emt 0:00:23]} Nh6 {[%emt 0:00:19]} 10. h3 {[%emt 0:00:55]} Nf7 {[%emt 0:01:11]} 11. dxe5 {[%emt 0:00:43]} dxe5 {[%emt 0:02:23]} 12. Bc5 {[%emt 0:04:51]} f5 {[%emt 0:02:24]} 13. exf5 {[%emt 0:04:05]} gxf5 {[%emt 0:01:06]} 14. Re1 {[%emt 0:08:49]} Qf6 {[%emt 0:06:13]} 15. c4 {[%emt 0:11:01]} b6 {[%emt 0:08:39]} 16. Ba3 {[%emt 0:03:29]} O-O-O {[%emt 0:01:38]} 17. Nc3 {[%emt 0:00:59]} e4 {[%emt 0:01:43]} 18. Nd5 {[%emt 0:02:27]} Qh6 {[%emt 0:01:18]} 19. Nh2 {[%emt 0:06:00]} Nfe5 {[%emt 0:04:39]} 20. Ne7+ {[%emt 0:07:34]} Kb7 {[%emt 0:03:18]} 21. Qd5 {[%emt 0:02:37]} Be6 {[%emt 0:23:53]} 22. Bxc6+ {[%emt 0:04:14]} Kb8 {[%emt 0:00:11]} 23. Ng4 {[%emt 0:05:39]} Nxg4 {[%emt 0:10:07]} 24. Nxf5 {[%emt 0:02:05]} Qf4 {[%emt 0:00:42]} 25. hxg4 {[%emt 0:08:07]} Bxd5 {[%emt 0:01:50]} 26. Bxd5 {[%emt 0:00:40]} Rxd5 {[%emt 0:01:45]} 27. cxd5 {[%emt 0:00:47]} Be5 {[%emt 0:00:21]} 28. Ne3 {[%emt 0:06:06]} h5 {[%emt 0:01:51]} 29. gxh5 {[%emt 0:02:40]} Rxh5 {[%emt 0:00:14]} 30. Kf1 {[%emt 0:00:41]} Bd4 {[%emt 0:00:44]} 31. Rad1 {[%emt 0:01:52]} Bxe3 {[%emt 0:00:27]} 32. Rxe3 {[%emt 0:00:08]} Rh1+ {[%emt 0:00:07]} 0-1

[Event "VII Sunway Sitges Open 2020"]
[Site "Sitges"]
[Date "2020.12.16"]
[Round "4.24"]
[White "Lever, Erwan"]
[Black "Unuk, Laura"]
[Result "1-0"]
[WhiteElo "2200"]
[BlackElo "2346"]
[Annotator "TA"]
[PlyCount "83"]
[EventDate "2020.12.13"]
[EventType "swiss"]
[EventCountry "ESP"]
[SourceTitle "playchess.com"]
[Source "ChessBase"]
[SourceQuality "1"]

{[%evp 16,83,37,26,27,31,8,13,30,0,0,-37,-43,-50,-41,-45,-54,-62,-57,-57,-55,-62,-39,-104,-70,-235,-243,-363,-393,-379,-379,-434,-204,-211,-47,-44,-22,-21,8,0,8,0,0,0,0,0,0,0,0,0,0,0,0,-8,19,17,98,0,0,0,5758,5637,5206,5206,5206,5206,5173,2059,1614,1537]} 1. d4 d5 2. c4 c6 3. Nf3 Nf6 4. Qb3 g6 5. g3 Bg7 6. Bg2 dxc4 7. Qxc4 O-O 8. O-O Na6 {8...b5 is the modern continuation.} 9. Nc3 Qa5 {D78: Fianchetto Grünfeld: 6 0-0 c6.} 10. Bf4 Be6 11. Qd3 {[#]} Rfd8 $146 {The position is equal.} ({Predecessor:} 11... Rad8 12. Rfd1 c5 13. Qb5 Qxb5 14. Nxb5 Nd5 15. Bd2 Ndb4 16. dxc5 Bc4 17. Nfd4 e5 18. Rac1 Bxa2 19. c6 bxc6 {½-½ (19) Dvirnyy,D (2539)-David,A (2570) Cosenza 2017}) 12. Be5 Nb4 13. Qb1 c5 $1 14. dxc5 Qxc5 15. a3 Nc6 16. Bxf6 exf6 17. Qc2 Qb6 18. Na4 Qb5 19. b4 (19. Nc3 $15 Qb3 20. Rac1) 19... Bf5 20. e4 $2 ({White should try} 20. Nc3 $15) 20... Bg4 $19 21. Nc5 (21. Rad1 {was called for.}) 21... Bxf3 22. Bxf3 Nd4 $1 {[%csl LRc2,LRf3]} 23. Qc3 f5 (23... b6 $142 24. Nb7 Rac8) 24. Rad1 fxe4 $2 (24... b6 $19 25. Nb3 Rdc8 26. Qxd4 Bxd4 27. Nxd4 Qa4 28. exf5 Rab8) 25. Nxe4 $15 Qf5 26. Kg2 g5 {[#] Threatens to win with ...g4.} 27. h3 h5 {White must now prevent ...g4.} 28. g4 hxg4 29. hxg4 Qe5 30. Ng3 Rac8 {[%cal Ba8c8,Bc8c3,Bc3a3][%mdl 32]} 31. Qd3 Ne6 32. Qf5 Rxd1 33. Rxd1 Rc3 {And now ...Nf4+ would win.} 34. Be4 Rxa3 35. Nh5 b6 (35... Nf8 $11) 36. Nxg7 ({White should play} 36. Rd7 $16 Qxf5 37. gxf5) 36... Qxg7 $11 37. Rc1 {Hoping for Rc8+.} Qd4 $2 {[%mdl 8192]} (37... Qh6 $11 38. Rc8+ Nf8) 38. Rc8+ $18 {White is clearly winning.} Kg7 39. Qh7+ Kf6 40. Qh8+ Ke7 41. Re8+ Kd7 {[#]} 42. Rd8+ $1 {[%mdl 576] Skewer. White used his chance.  Weighted Error Value: White=0.28/Black=0.25} 1-0

[Event "VII Sunway Sitges Open 2020"]
[Site "Sitges"]
[Date "2020.12.16"]
[Round "4.25"]
[White "Garcia Martin, Marta"]
[Black "Cano Sevilla, Ivan"]
[Result "1-0"]
[WhiteElo "2342"]
[BlackElo "2026"]
[Annotator "ChessBase"]
[PlyCount "71"]
[EventDate "2020.12.13"]
[EventType "swiss"]
[EventCountry "ESP"]
[SourceTitle "playchess.com"]
[Source "ChessBase"]
[SourceQuality "1"]
[TimeControl "40/5400+30:1800+30"]

1. e4 {[%emt 0:00:00]} c5 {[%emt 0:00:00]} 2. Nf3 {[%emt 0:00:00]} Nc6 {[%emt 0:00:00]} 3. d4 {[%emt 0:00:14]} cxd4 {[%emt 0:00:00]} 4. Nxd4 {[%emt 0:00:05]} g6 {[%emt 0:00:23]} 5. c4 {[%emt 0:00:18]} Nf6 {[%emt 0:00:04]} 6. Nc3 {[%emt 0:00:12]} d6 {[%emt 0:00:02]} 7. f3 {[%emt 0:00:55]} Nxd4 {[%emt 0:00:44]} 8. Qxd4 {[%emt 0:00:06]} Bg7 {[%emt 0:00:03]} 9. Be3 {[%emt 0:01:01]} O-O {[%emt 0:00:06]} 10. Qd2 {[%emt 0:00:09]} Be6 {[%emt 0:00:02]} 11. Rc1 {[%emt 0:07:11]} Qa5 {[%emt 0:00:06]} 12. Bd3 {[%emt 0:04:11]} Rfc8 {[%emt 0:01:58]} 13. b3 {[%emt 0:00:23]} a6 {[%emt 0:00:34]} 14. Ne2 {[%emt 0:01:53]} Qxd2+ {[%emt 0:01:08]} 15. Kxd2 {[%emt 0:00:14]} Nd7 {[%emt 0:03:11]} 16. Nf4 {[%emt 0:02:59]} Bh6 {[%emt 0:02:58]} 17. h4 {[%emt 0:05:18]} Nc5 {[%emt 0:03:53]} 18. Be2 {[%emt 0:01:05]} Bg7 {[%emt 0:08:58]} 19. g4 {[%emt 0:27:25]} a5 {[%emt 0:05:20]} 20. g5 {[%emt 0:11:12]} Na6 {[%emt 0:04:00]} 21. Rb1 {[%emt 0:08:45]} a4 {[%emt 0:07:02]} 22. Nxe6 {[%emt 0:00:17]} fxe6 {[%emt 0:00:04]} 23. b4 {[%emt 0:00:51]} a3 {[%emt 0:00:16]} 24. Rb3 {[%emt 0:00:46]} b5 {[%emt 0:04:50]} 25. Rc1 {[%emt 0:04:07]} Bb2 {[%emt 0:00:03]} 26. Rc2 {[%emt 0:00:06]} bxc4 {[%emt 0:04:35]} 27. Bxc4 {[%emt 0:03:41]} d5 {[%emt 0:07:02]} 28. Bxa6 {[%emt 0:05:02]} Rxc2+ {[%emt 0:00:05]} 29. Kxc2 {[%emt 0:00:04]} Rxa6 {[%emt 0:00:02]} 30. b5 {[%emt 0:00:07]} Ra8 {[%emt 0:00:10]} 31. b6 {[%emt 0:00:36]} d4 {[%emt 0:01:12]} 32. b7 {[%emt 0:00:25]} Rb8 {[%emt 0:00:04]} 33. Bf4 {[%emt 0:03:57]} e5 {[%emt 0:00:01]} 34. Bg3 {[%emt 0:01:29]} Kf7 {[%emt 0:00:52]} 35. Kd3 {[%emt 0:00:07]} Ke6 {[%emt 0:00:37]} 36. Rb6+ {[%emt 0:00:12]} 1-0

[Event "VII Sunway Sitges Open 2020"]
[Site "Sitges"]
[Date "2020.12.16"]
[Round "4.26"]
[White "Rodriguez Redondo, Adhara"]
[Black "Yu, Jennifer"]
[Result "0-1"]
[WhiteElo "2183"]
[BlackElo "2315"]
[Annotator "ChessBase"]
[PlyCount "100"]
[EventDate "2020.12.13"]
[EventType "swiss"]
[EventCountry "ESP"]
[SourceTitle "playchess.com"]
[Source "ChessBase"]
[SourceQuality "1"]
[TimeControl "40/5400+30:1800+30"]

1. e4 {[%emt 0:00:00]} e5 2. Nf3 Nc6 {[%emt 0:00:00]} 3. Bc4 {[%emt 0:00:00]} Bc5 {[%emt 0:00:00]} 4. d3 {[%emt 0:00:00]} Nf6 {[%emt 0:00:00]} 5. O-O {[%emt 0:00:18]} d6 {[%emt 0:00:18]} 6. c3 {[%emt 0:00:07]} h6 7. Nbd2 {[%emt 0:04:23]} O-O {[%emt 0:02:13]} 8. h3 {[%emt 0:01:15]} a5 {[%emt 0:02:03]} 9. a4 {[%emt 0:03:02]} Be6 10. Bxe6 {[%emt 0:11:36]} fxe6 {[%emt 0:00:37]} 11. Nc4 {[%emt 0:00:57]} Qe8 {[%emt 0:08:56]} 12. Be3 {[%emt 0:10:26]} Bxe3 13. Nxe3 {[%emt 0:02:13]} Nh5 {[%emt 0:13:23]} 14. g3 {[%emt 0:07:17]} Qf7 {[%emt 0:11:38]} 15. Nh4 {[%emt 0:08:05]} Kh7 {[%emt 0:04:09]} 16. Kh2 {[%emt 0:04:52]} Rad8 {[%emt 0:09:58]} 17. Nhg2 {[%emt 0:06:53]} d5 {[%emt 0:02:25]} 18. exd5 {[%emt 0:02:01]} exd5 {[%emt 0:01:23]} 19. f4 {[%emt 0:04:07]} d4 20. Ng4 {[%emt 0:04:40]} dxc3 {[%emt 0:12:26]} 21. bxc3 {[%emt 0:00:28]} Qg6 {[%emt 0:02:43]} 22. fxe5 {[%emt 0:06:00]} Nxe5 {[%emt 0:08:00]} 23. d4 {[%emt 0:06:44]} Rxf1 {[%emt 0:00:43]} 24. Qxf1 {[%emt 0:00:06]} Nxg4+ {[%emt 0:00:34]} 25. hxg4 Qxg4 {[%emt 0:00:08]} 26. Qd3+ {[%emt 0:00:11]} Qg6 {[%emt 0:05:04]} 27. Qxg6+ {[%emt 0:00:43]} Kxg6 {[%emt 0:00:02]} 28. Nh4+ {[%emt 0:01:39]} Kf7 {[%emt 0:00:13]} 29. Kg2 {[%emt 0:02:04]} Re8 {[%emt 0:01:34]} 30. Kf3 {[%emt 0:04:53]} Nf6 {[%emt 0:00:09]} 31. Rc1 {[%emt 0:02:38]} g5 {[%emt 0:06:50]} 32. Nf5 {[%emt 0:01:55]} h5 {[%emt 0:00:05]} 33. Ne3 {[%emt 0:03:21]} g4+ {[%emt 0:03:10]} 34. Kf2 {[%emt 0:00:05]} Ne4+ {[%emt 0:03:04]} 35. Kg2 {[%emt 0:00:07]} Ng5 {[%emt 0:02:24]} 36. Kf2 {[%emt 0:02:01]} Kg6 {[%emt 0:00:26]} 37. Rc2 {[%emt 0:01:19]} Ne4+ {[%emt 0:01:50]} 38. Kg2 {[%emt 0:00:16]} Nxg3 {[%emt 0:00:16]} 39. Nd5 {[%emt 0:02:05]} Nf5 {[%emt 0:00:30]} 40. Nxc7 {[%emt 0:00:00]} Ne3+ {[%emt 0:00:00]} 41. Kg1 {[%emt 0:09:59]} Rf8 {[%emt 0:12:25]} 42. Re2 {[%emt 0:02:11]} Rf1+ {[%emt 0:00:28]} 43. Kh2 {[%emt 0:00:07]} Rf3 {[%emt 0:00:07]} 44. Re1 {[%emt 0:01:13]} g3+ {[%emt 0:01:38]} 45. Kg1 {[%emt 0:00:34]} h4 {[%emt 0:04:58]} 46. Ne6 h3 47. Nf4+ {[%emt 0:03:14]} Kg5 {[%emt 0:00:59]} 48. Ne2 {[%emt 0:03:46]} h2+ {[%emt 0:00:20]} 49. Kh1 {[%emt 0:00:04]} Rf1+ {[%emt 0:00:08]} 50. Rxf1 {[%emt 0:00:08]} g2+ {[%emt 0:00:04]} 0-1

[Event "VII Sunway Sitges Open 2020"]
[Site "Sitges"]
[Date "2020.12.16"]
[Round "4.27"]
[White "Ezquerro Luque, Albert"]
[Black "Travadon, Loic"]
[Result "0-1"]
[WhiteElo "2101"]
[BlackElo "2421"]
[Annotator "ChessBase"]
[PlyCount "70"]
[EventDate "2020.12.13"]
[EventType "swiss"]
[EventCountry "ESP"]
[SourceTitle "playchess.com"]
[Source "ChessBase"]
[SourceQuality "1"]
[TimeControl "40/5400+30:1800+30"]

1. e4 {[%emt 0:00:00]} c5 {[%emt 0:04:00]} 2. Nc3 {[%emt 0:00:00]} Nc6 {[%emt 0:00:04]} 3. f4 {[%emt 0:00:00]} e6 {[%emt 0:00:14]} 4. Nf3 {[%emt 0:00:06]} d5 {[%emt 0:00:17]} 5. Bb5 {[%emt 0:00:30]} Nge7 {[%emt 0:00:09]} 6. O-O {[%emt 0:01:24]} a6 {[%emt 0:00:23]} 7. Bxc6+ {[%emt 0:00:08]} Nxc6 {[%emt 0:00:07]} 8. d3 {[%emt 0:04:16]} Be7 {[%emt 0:00:18]} 9. Qe1 {[%emt 0:02:13]} O-O {[%emt 0:02:25]} 10. Qf2 {[%emt 0:09:07]} f5 {[%emt 0:05:22]} 11. exd5 {[%emt 0:02:12]} exd5 {[%emt 0:00:08]} 12. Re1 {[%emt 0:00:54]} d4 {[%emt 0:00:15]} 13. Nb1 {[%emt 0:01:59]} Bf6 {[%emt 0:02:35]} 14. Nbd2 {[%emt 0:01:24]} b5 {[%emt 0:01:36]} 15. Ne5 {[%emt 0:01:48]} Nxe5 {[%emt 0:00:23]} 16. fxe5 {[%emt 0:00:19]} Bh4 {[%emt 0:00:25]} 17. Qf3 {[%emt 0:06:46]} Rb8 {[%emt 0:05:29]} 18. Re2 {[%emt 0:03:39]} Rb6 {[%emt 0:00:56]} 19. a4 {[%emt 0:01:14]} Bb7 {[%emt 0:00:44]} 20. Qf1 {[%emt 0:02:11]} Be7 {[%emt 0:00:47]} 21. b3 {[%emt 0:03:26]} g5 {[%emt 0:03:39]} 22. axb5 {[%emt 0:07:01]} axb5 {[%emt 0:00:08]} 23. Nf3 {[%emt 0:00:18]} Rg6 {[%emt 0:02:42]} 24. Bd2 {[%emt 0:01:44]} Qd5 {[%emt 0:02:49]} 25. Ne1 {[%emt 0:01:04]} f4 {[%emt 0:03:42]} 26. h3 {[%emt 0:04:18]} Qe6 {[%emt 0:03:33]} 27. Kh2 {[%emt 0:03:02]} g4 {[%emt 0:01:59]} 28. Ra7 {[%emt 0:02:44]} Qb6 {[%emt 0:02:53]} 29. Rxb7 {[%emt 0:01:30]} Qxb7 {[%emt 0:00:11]} 30. Re4 {[%emt 0:00:10]} gxh3 {[%emt 0:00:14]} 31. gxh3 {[%emt 0:01:26]} Bh4 {[%emt 0:01:44]} 32. Qf3 {[%emt 0:03:02]} Bg3+ {[%emt 0:00:35]} 33. Kh1 {[%emt 0:00:02]} Qg7 {[%emt 0:01:57]} 34. e6 {[%emt 0:01:55]} Qh6 {[%emt 0:00:28]} 35. Qf1 {[%emt 0:04:26]} Rxe6 {[%emt 0:01:12]} 0-1

[Event "VII Sunway Sitges Open 2020"]
[Site "Sitges"]
[Date "2020.12.16"]
[Round "4.28"]
[White "Maze, Sebastien"]
[Black "Tadevosyan, Aspet"]
[Result "1-0"]
[WhiteElo "2557"]
[BlackElo "2136"]
[Annotator "TA"]
[PlyCount "39"]
[EventDate "2020.12.13"]
[EventType "swiss"]
[EventCountry "ESP"]
[SourceTitle "playchess.com"]
[Source "ChessBase"]
[SourceQuality "1"]

{[%evp 9,39,0,-2,-18,-17,-23,-23,-17,27,13,40,50,64,43,91,89,125,138,154,147,215,226,313,279,425,260,835,828,1137,1128,2491,1886]} 1. e4 c5 2. Nc3 d6 3. f4 g6 4. Nf3 Bg7 5. Bb5+ Bd7 6. Bc4 {B23: Closed Sicilian: Lines without g3.} Nc6 7. d3 Na5 8. Bd2 {Black has an edge.} Nxc4 9. dxc4 {[#]} f5 $146 ({Predecessor:} 9... Bc6 10. Qe2 Qd7 11. O-O-O Rb8 12. e5 Nh6 13. Be3 b6 14. Nd5 Bxd5 15. cxd5 O-O {0-1 (52) Anton Guijarro,D (2681)-Grischuk,A (2777) Chess.com INT 2020}) 10. Qe2 Nh6 11. e5 O-O 12. O-O-O a6 13. h4 b5 14. h5 Be6 (14... b4 $16) 15. Nd5 $18 ({Much less strong is} 15. cxb5 $6 axb5 16. hxg6 (16. Qxb5 Ng4 $14) 16... hxg6 $16) 15... Ng4 16. hxg6 hxg6 (16... h6 {might work better.} 17. Bc3 Re8) 17. Bc3 {Hoping for exd6.} b4 $2 (17... Bxd5 18. Rxd5 Qe8) 18. exd6 {[%mdl 64] [#] Discovered Attack. White is clearly winning.} Bxd5 19. dxe7 Qa5 20. Bxg7 {Black got outplayed after the opening.  Weighted Error Value: White=0.16/Black=0.50} 1-0